Comparative study of improved high structure carbon black over conventional high structure black in heavy duty truck tyre tread formulation (Record no. 55957)

MARC details
000 -LEADER
fixed length control field 00710nam a2200193Ia 4500
100 ## - MAIN ENTRY--AUTHOR NAME
Personal name Dubey V K
245 #0 - TITLE STATEMENT
Title Comparative study of improved high structure carbon black over conventional high structure black in heavy duty truck tyre tread formulation
260 ## - PUBLICATION, DISTRIBUTION, ETC. (IMPRINT)
Name of publisher Proceedings of the National Conference and Exposition on Rubber and Allied Materials. India Rub Tech Expo 2004. 13-14 February, 2004, Mysore.pp.293-298.
650 ## - SUBJECT ADDED ENTRY--TOPICAL TERM
Topical Term Carbon black
650 ## - SUBJECT ADDED ENTRY--TOPICAL TERM
Topical Term Rolling resistance
650 ## - SUBJECT ADDED ENTRY--TOPICAL TERM
Topical Term Tread formulation
650 ## - SUBJECT ADDED ENTRY--TOPICAL TERM
Topical Term Truck tyre
700 ## - ADDED ENTRY--PERSONAL NAME
Personal name Dutta B
700 ## - ADDED ENTRY--PERSONAL NAME
Personal name Gireesan K G
700 ## - ADDED ENTRY--PERSONAL NAME
Personal name Majumdar S Pal
700 ## - ADDED ENTRY--PERSONAL NAME
Personal name Saha U
942 ## - ADDED ENTRY ELEMENTS (KOHA)
Koha item type Journals
Holdings
Withdrawn status Lost status Damaged status Not for loan Home library Current library Shelving location Date acquired Koha item type
      Journals RRII Library RRII Library Rubber chemistry 17/12/2021 Journals